5HLuxD.jpg

KING HENRY VIII SENIOR AND PRIMARY SCHOOL LIBRARY OPAC

Cambridge international AS & A level physics : (Record no. 2660)

000 -LEADER
fixed length control field 01073nam a22003378i 4500
001 - CONTROL NUMBER
control field 019131591
003 - CONTROL NUMBER IDENTIFIER
control field Uk
005 - DATE AND TIME OF LATEST TRANSACTION
control field 20230807151330.0
008 - FIXED-LENGTH DATA ELEMENTS--GENERAL INFORMATION
fixed length control field 181108s2018 enk 000|0|eng|d
015 ## - NATIONAL BIBLIOGRAPHY NUMBER
National bibliography number GBB8L3265
Source bnb
016 7# - NATIONAL BIBLIOGRAPHIC AGENCY CONTROL NUMBER
Record control number 019131591
Source Uk
020 ## - INTERNATIONAL STANDARD BOOK NUMBER
International Standard Book Number 9781108524902 (pbk.)
040 ## - CATALOGING SOURCE
Original cataloging agency StDuBDS
Language of cataloging eng
Transcribing agency StDuBDS
Description conventions rda
Modifying agency KH8
082 04 - DEWEY DECIMAL CLASSIFICATION NUMBER
Classification number 530.712 JON
100 1# - MAIN ENTRY--PERSONAL NAME
Personal name Jones, Graham
Titles and words associated with a name (Writer on physics),
Relator term author.
245 10 - TITLE STATEMENT
Title Cambridge international AS & A level physics :
Remainder of title Practical teacher's guide /
Statement of responsibility, etc. Graham Jones.
250 ## - EDITION STATEMENT
Edition statement Revised edition /
Remainder of edition statement Graham Jones, Steve Field, Chris Hewlett, David Styles.
263 ## - PROJECTED PUBLICATION DATE
Projected publication date 201811
264 #1 - PRODUCTION, PUBLICATION, DISTRIBUTION, MANUFACTURE, AND COPYRIGHT NOTICE
Place of production, publication, distribution, manufacture Cambridge :
Name of producer, publisher, distributor, manufacturer Cambridge University Press,
Date of production, publication, distribution, manufacture, or copyright notice 2018.
300 ## - PHYSICAL DESCRIPTION
Extent xi, 104 pages.
336 ## - CONTENT TYPE
Content type term text
Source rdacontent
337 ## - MEDIA TYPE
Media type term unmediated
Source rdamedia
338 ## - CARRIER TYPE
Carrier type term volume
Source rdacarrier
521 2# - TARGET AUDIENCE NOTE
Target audience note AS.
521 2# - TARGET AUDIENCE NOTE
Target audience note A-level.
650 #0 - SUBJECT ADDED ENTRY--TOPICAL TERM
Topical term or geographic name entry element Physics
General subdivision Study and teaching (Secondary)
700 1# - ADDED ENTRY--PERSONAL NAME
Personal name Field, Steve,
Relator term author.
700 1# - ADDED ENTRY--PERSONAL NAME
Personal name Hewlett, Chris,
Relator term author.
700 1# - ADDED ENTRY--PERSONAL NAME
Personal name Styles, David,
Relator term author.
942 ## - ADDED ENTRY ELEMENTS (KOHA)
Source of classification or shelving scheme
Koha item type Teaching Resources
Holdings
Withdrawn status Lost status Source of classification or shelving scheme Damaged status Not for loan Collection code Permanent Location Current Location Shelving location Date acquired Total Checkouts Full call number Barcode Date due Date last seen Date last checked out Price effective from Koha item type
          Teaching Resources KH8 Senior School Library KH8 Senior School Library Staff Office 2023-08-07 1 530.712 JON TRKHSL001268 2026-07-03 2025-10-07 2025-10-07 2023-08-07 Teaching Resources
          Teaching Resources KH8 Senior School Library KH8 Senior School Library Staff Office 2025-07-14   530.712 JON TRKHSL001267   2025-07-14   2025-07-14 Teaching Resources

Powered By KH8 IT Dept